[Event "III Festival A"]
[Site "Ortisei - Sankt Ulrich in Groeden ITA"]
[Date "2016.06.11"]
[Round "9"]
[White "Terao, Juliana Sayumi"]
[Black "Spornberger, Maximilian"]
[WhiteElo "2228"]
[BlackElo "2306"]
[Result "1/2-1/2"]
[PlyCount "84"]
[EventDate "2016.06.04"]

1. e4 e6 2. d4 d5 3. Nd2 Nf6 4. e5 Nfd7 5. Bd3 c5 6. c3 Nc6 7. Ne2 cxd4 8. cxd4
f6 9. exf6 Nxf6 10. O-O Bd6 11. Nf3 Qc7 12. Bg5 O-O 13. Qc2 h6 14. Bh4 Nh5 15.
Bh7+ Kh8 16. Bg6 Rxf3 17. Bxh5 Bxh2+ 18. Kh1 Rf5 19. Bg6 Bd6 20. Bxf5 exf5 21.
f4 Qf7 22. Kg1 Bd7 23. Qd2 Rg8 24. Rf3 Bb4 25. Nc3 Ba5 26. Bf2 Re8 27. a3 Ne7
28. Re1 Nc8 29. Rfe3 Nd6 30. Rxe8+ Bxe8 31. b4 Bc7 32. Qc2 Bc6 33. b5 Nxb5 34.
Nxb5 Bxb5 35. Qc5 Bc6 36. Re7 Qh5 37. Rxc7 Qd1+ 38. Kh2 Qh5+ 39. Kg3 Qg4+ 40.
Kh2 Qh5+ 41. Kg3 Qg4+ 42. Kh2 Qh5+ 1/2-1/2

[Event "III Festival A"]
[Site "Ortisei - Sankt Ulrich in Groeden ITA"]
[Date "2016.06.11"]
[Round "9"]
[White "Vocaturo, Daniele"]
[Black "Prasanna, Raghuram Rao"]
[WhiteElo "2576"]
[BlackElo "2466"]
[Result "1/2-1/2"]
[PlyCount "48"]
[EventDate "2016.06.04"]

1. d4 d5 2. c4 e6 3. Nc3 Be7 4. cxd5 exd5 5. Bf4 Nf6 6. e3 O-O 7. Bd3 Nbd7 8.
Qc2 c5 9. Nge2 a6 10. Ng3 b5 11. Nf5 Re8 12. Nxe7+ Qxe7 13. O-O c4 14. Bf5 Nb6
15. Be5 b4 16. Ne2 Bxf5 17. Qxf5 Nbd7 18. Bf4 g6 19. Qc2 Nh5 20. Qa4 Nxf4 21.
Nxf4 Qd6 22. Qa5 Nf6 23. a3 b3 24. Qb4 Qd7 1/2-1/2

[Event "III Festival A"]
[Site "Ortisei - Sankt Ulrich in Groeden ITA"]
[Date "2016.06.11"]
[Round "9"]
[White "Werle, Jan"]
[Black "Nabaty, Tamir"]
[WhiteElo "2563"]
[BlackElo "2610"]
[Result "1-0"]
[PlyCount "95"]
[EventDate "2016.06.04"]

1. d4 d5 2. c4 e6 3. Nc3 Nf6 4. Bg5 Nbd7 5. e3 h6 6. Bh4 Be7 7. Nf3 Ne4 8. Bxe7
Qxe7 9. Qc2 Nxc3 10. Qxc3 c6 11. cxd5 exd5 12. Bd3 O-O 13. O-O Nf6 14. Qc5 Qe6
15. b4 Ne4 16. Qc2 Re8 17. b5 cxb5 18. Bxb5 Bd7 19. Bxd7 Qxd7 20. Ne5 Qe6 21.
Qb2 b6 22. a4 Rab8 23. Rfc1 Rec8 24. h3 Rxc1+ 25. Rxc1 Rc8 26. Rc2 Nd6 27. Qc1
Rxc2 28. Qxc2 Qc8 29. Qc6 Qxc6 30. Nxc6 Nc8 31. f3 Kf8 32. Kf2 Ke8 33. Nb4 Ne7
34. e4 Kd7 35. e5 Nc6 36. Nxc6 Kxc6 37. f4 f5 38. Ke3 h5 39. a5 b5 40. a6 h4
41. Kd3 Kd7 42. Kc3 Kc7 43. Kb4 Kb6 44. e6 Kc6 45. e7 Kd7 46. Kxb5 Kxe7 47. Kc6
Ke6 48. Kc5 1-0